[Event "FIDE World Cup 9-10"]
[Site "Khanty-Mansiysk"]
[Date "2005.12.17"]
[Round "7.3"]
[White "Kamsky, Gata"]
[Black "Carlsen, Magnus"]
[Result "1-0"]
[WhiteElo "2690"]
[BlackElo "2570"]
[Annotator "Huebner,Robert"]
[PlyCount "77"]
[EventDate "2005.11.27"]
[EventType "k.o."]
[EventRounds "7"]
[EventCountry "RUS"]
[SourceTitle "CBM 111"]
[Source "ChessBase"]
[SourceDate "2006.04.04"]
[SourceVersion "1"]
[SourceVersionDate "2006.04.04"]
[SourceQuality "1"]

1. d4 Nf6 2. Nf3 d5 3. Bf4 c5 4. c3 cxd4 5. cxd4 Nc6 6. Nc3 Bf5 7. e3 e6 8. Bb5 Bb4 9. O-O O-O 10. Rc1 ({RR} 10. Bxc6 bxc6 11. Na4 Ne4 12. a3 Be7 13. Rc1 Rc8 14. Nd2 g5 15. Be5 f6 16. Bg3 Nxg3 17. hxg3 h5 18. Nc5 Kg7 19. e4 dxe4 20. Ndxe4 g4 21. Qe2 Qxd4 22. Rfd1 Qe5 23. Rd7 Rf7 24. Qa6 Re8 {Saidov,B (2309)-Makarian,R (2543) chess.com INT 2025 0-1 (42)}) 10... Bxc3 $146 {Dies ist nicht nötig, aber spielbar. Es ist jedoch mit einer verfehlten Idee verbunden.} (10... Rc8 $11) ({RR} 10... Bg4 11. h3 Bh5 12. Be2 Qd7 13. Ne5 Nxe5 14. Bxe5 Bxe2 15. Qxe2 a6 16. a3 Be7 17. Rc2 Rfc8 18. Rfc1 b5 19. Nb1 Ne8 20. Nd2 Nd6 21. Bxd6 Bxd6 22. Nb3 g6 23. Nc5 Qa7 24. Nd3 Qd7 25. Nc5 {De Rover,Y-Diepeveen,V (2300) Haarlem 1994 1-0 (33)}) ({RR} 10... Rc8 11. Qb3 Bxc3 12. Rxc3 Ne4 13. Rcc1 g5 14. Bg3 g4 15. Bxc6 bxc6 16. Ne5 Nd2 17. Qa3 Nxf1 18. Kxf1 f6 19. Nxc6 Qd7 20. Ne7+ Qxe7 21. Qxe7 Rxc1+ 22. Ke2 Rc2+ 23. Ke1 Rxb2 24. Bd6 Rf7 25. Qd8+ {Andreikin,D (2729)-Firouzja,A (2777) chess.com INT 2023 ½-½ (79)}) ({RR} 10... Rc8 11. Qa4 Qb6 12. a3 Be7 13. Na2 Rfd8 14. b4 Nb8 15. Rxc8 Rxc8 16. Rc1 Rxc1+ 17. Nxc1 a6 18. Bf1 Nc6 19. Ne5 Nxe5 20. Bxe5 Qd8 {½-½ (20) Sokolsky,A-Byvshev,V Vilnius 1949}) 11. Rxc3 Ne4 12. Rc1 g5 (12... Qb6 13. Bxc6 bxc6 14. b3 {ist unbequem für Schwarz, weil Weiß Sf3-h4 droht.}) 13. Bg3 h5 $2 {Dies ist nicht korrekt. Nach} (13... Qb6 14. Bxc6 bxc6 15. b3 {hat Weiß einen kleinen Vorteil, aber überwältigend ist der noch nicht.}) 14. Bxc6 bxc6 15. Ne5 h4 16. Nxc6 Qd7 17. Be5 f6 (17... Rac8 18. f3 Ng3 (18... Rxc6 19. Rxc6 Qxc6 20. fxe4 dxe4 21. Bf6 Bg6 22. Qg4 Qd5 23. Be5 {ist hoffnungslos für Schwarz:} Qd8 24. Rf6) 19. hxg3 Rxc6 20. e4 {wird Schwarz ebenfalls nicht aushalten.}) 18. f3 Nd6 19. Bxd6 Qxd6 20. Qd2 Rf7 21. b4 Rg7 22. h3 Re8 23. Rfe1 Rc7 24. b5 a6 25. a4 axb5 26. axb5 Rb7 27. e4 dxe4 28. fxe4 Bh7 29. e5 Qf8 30. Rc5 Rg7 31. exf6 Qxf6 32. Ne5 Bf5 33. Rf1 Qd8 34. Qe3 g4 35. hxg4 Bxg4 36. Nc6 Qc7 37. Rg5 h3 38. gxh3 Bf5 39. Rfxf5 1-0

[Event "FIDE World Cup 9-12"]
[Site "Khanty-Mansiysk"]
[Date "2005.12.13"]
[Round "6.2"]
[White "Carlsen, Magnus"]
[Black "Malakhov, Vladimir"]
[Result "1/2-1/2"]
[WhiteElo "2570"]
[BlackElo "2670"]
[PlyCount "114"]
[EventDate "2005.11.27"]
[EventType "k.o."]
[EventRounds "7"]
[EventCountry "RUS"]
[SourceTitle "CBM 111"]
[Source "ChessBase"]
[SourceDate "2006.04.04"]
[SourceVersion "1"]
[SourceVersionDate "2006.04.04"]
[SourceQuality "1"]

1. d4 d5 2. c4 c6 3. Nc3 Nf6 4. Nf3 a6 5. e3 b5 6. c5 g6 7. Ne5 Bg7 8. Be2 O-O 9. O-O Nfd7 10. f4 f5 11. Nd3 a5 12. Bd2 Nf6 13. Be1 Be6 14. b4 $146 ({RR} 14. Ne5 Qc7 15. Bh4 Nbd7 16. Qe1 Nxe5 17. fxe5 Ne4 18. Nxe4 fxe4 19. Qg3 Rxf1+ 20. Rxf1 Rf8 21. Rxf8+ Bxf8 22. Bg5 Qd7 23. Qh4 Qe8 24. Bh6 Bxh6 25. Qxh6 Qf8 26. Qg5 Kg7 27. h4 h6 28. Qg3 Kh7 {Delchev,A (2635)-Pikula,D (2562) Novi Sad 2009 ½-½ (40)}) 14... a4 15. Ne5 Bd7 16. a3 Ne4 17. Ra2 Nxc3 18. Bxc3 Be8 19. g4 e6 20. Bd3 Ra7 21. Rg2 Kh8 22. Be1 Qc8 23. h4 Nd7 24. h5 gxh5 25. gxf5 exf5 26. Qc2 Nxe5 27. dxe5 Bg6 28. Bc3 Qe6 29. Kf2 Rg8 30. Rh1 Bf8 31. Be2 Rag7 32. Rgh2 h6 33. Kf1 Rf7 34. Bd4 Be7 35. Bxh5 Bxh5 36. Rxh5 Bf8 37. Qh2 Kh7 38. Qh3 Rg6 39. Ke2 Be7 40. Kd3 Bf8 41. Kc3 Rg4 42. Rh2 Qg6 43. Rg5 Qe6 44. Qh5 Rxg5 45. fxg5 Bg7 46. Rg2 Re7 47. Rh2 Kg8 48. Kc2 Bxe5 49. Bxe5 Qxe5 50. Qg6+ Rg7 51. Qxh6 f4 52. g6 Qf5+ 53. Kc1 Qxg6 54. Qxf4 Qg1+ 55. Kd2 Rg2+ 56. Rxg2+ Qxg2+ 57. Kd3 Qb2 1/2-1/2

[Event "FIDE World Cup 9-12"]
[Site "Khanty-Mansiysk"]
[Date "2005.12.14"]
[Round "6.4"]
[White "Carlsen, Magnus"]
[Black "Malakhov, Vladimir"]
[Result "1-0"]
[WhiteElo "2570"]
[BlackElo "2670"]
[PlyCount "67"]
[EventDate "2005.11.27"]
[EventType "k.o."]
[EventRounds "7"]
[EventCountry "RUS"]
[SourceTitle "CBM 111"]
[Source "ChessBase"]
[SourceDate "2006.04.04"]
[SourceVersion "1"]
[SourceVersionDate "2006.04.04"]
[SourceQuality "1"]

1. d4 d5 2. c4 c6 3. Nc3 Nf6 4. Nf3 a6 5. e3 g6 6. Be2 Bg7 7. O-O O-O 8. Qb3 dxc4 9. Bxc4 b5 10. Be2 Nbd7 11. e4 Nb6 12. Bf4 Be6 13. Qc2 Bc4 $146 ({RR} 13... Nh5 14. Be3 Bc4 15. b3 Bxe2 16. Nxe2 Rc8 17. Rac1 e6 18. Rfd1 Nd7 19. Ne5 Nb8 20. Nd3 Nf6 21. Nc5 Qe7 22. Bg5 Qa7 23. Bxf6 Bxf6 24. e5 Bg5 25. f4 Be7 26. Rd3 Nd7 27. Nxd7 Qxd7 28. Kh1 {Mohr,S (2485)-Murey,J (2535) Palma de Mallorca 1989 1-0 (73)}) 14. Rfd1 Rc8 15. Rac1 Bxe2 16. Qxe2 Qd7 17. h3 Qb7 18. Bg5 Rfe8 19. e5 Nfd5 20. Ne4 Nd7 21. Qd2 Qb8 22. Bh6 Bh8 23. h4 Nf8 24. Nc5 Qa7 25. h5 Nc7 26. hxg6 hxg6 27. Bxf8 Rxf8 28. Qh6 Bg7 29. Qh4 f6 30. Qg4 Kh7 31. Nh4 g5 32. Qh5+ Kg8 33. Nf5 Ne8 34. Qg6 1-0

[Event "FIDE World Cup 9-16"]
[Site "Khanty-Mansiysk"]
[Date "2005.12.09"]
[Round "5.1"]
[White "Carlsen, Magnus"]
[Black "Lautier, Joel"]
[Result "1/2-1/2"]
[WhiteElo "2570"]
[BlackElo "2680"]
[Annotator "Ribli,Zoltan"]
[PlyCount "64"]
[EventDate "2005.11.27"]
[EventType "k.o."]
[EventRounds "7"]
[EventCountry "RUS"]
[SourceTitle "CBM 111"]
[Source "ChessBase"]
[SourceDate "2006.04.04"]
[SourceVersion "1"]
[SourceVersionDate "2006.04.04"]
[SourceQuality "1"]

1. d4 d5 2. c4 e6 3. Nf3 Nf6 4. g3 Be7 5. Bg2 O-O 6. O-O dxc4 7. Qc2 a6 8. Qxc4 {Diese Fortsetzung ist heutzutage wieder populär, die Alternative ist 8.a4.} b5 9. Qc2 Bb7 10. Bd2 Nbd7 {Das ist ein natürlicher Entwicklungszug, aber der prophylaktische Turmzug 10...a7 ist ebenfalls spielbar.} 11. Ba5 Rc8 12. Nbd2 Nb8 {Die Idee des Springermanövers ist 13...c6 zu ziehen und den a5-Läufer zu verjagen.} 13. Nb3 {Der Springerzug ist gegen c7-c5 gerichtet, aber nach meiner Meinung bietet 13.a3! Weiß mehr Chancen Eröffnungsvorteil zu erlangen.} (13. a3 $5 Nc6 14. Bc3 (14. Nb3 $2 Nxa5 15. Nxa5 Be4 { c5}) 14... b4 (14... Nd5 15. Nb3 { d2} (15. b4 Nxc3 16. Qxc3 Ra8 17. Nb3 $14) 15... Nxc3 16. Qxc3 $14) 15. axb4 Nxb4 16. Qb3 (16. Qa4 Nbd5) 16... Bd5 17. Qa4 Bc6 (17... Rb8 18. Ne5 Bxg2 19. Kxg2 $14 {×a6}) 18. Qa5 Rb8 19. Ne5 $1 $14 {½-½ Almasi,I-Lauber,A/Gyula 1997/}) 13... Be4 {Jetzt sehen wir den Nachteil des Zuges 13.b3; der schwarze Läufer steht gut auf e4.} 14. Qc1 (14. Qd2 Nc6 15. Rfc1 b4 16. Ne5 (16. Rxc6 Bxc6 17. Bxb4 Bxb4 18. Qxb4 Qd6 19. Qa5 {[%csl Ra6][%cal Ra5a6]} Bd5 {[%csl Gd5]} 20. Rc1 {[%cal Gc1c7]} Qb6 $15 {. ½-½ Nielsen,P-Polgar,J/Las Vegas 1999/CBM 72/[Ribli] (58)}) 16... Nxa5 17. Nxa5 Bxg2 18. Kxg2 c5 $15 {0-1 Koneru,H-Mahesh Chandran,P/Calcutta 2002/(41)}) 14... Nc6 {[%csl Gc6,Ge4][%cal Gc6a5,Gc6d4][%mdl 2048] Schwarz hat ausgezeichnetes Figurenspiel; der c6 kontrolliert das Feld d4, während der Läufer auf a5 unsicher steht.} 15. Bd2 (15. Rd1 Nxa5 16. Nxa5 c5 $17) 15... Bxf3 16. Bxf3 Nxd4 17. Nxd4 Qxd4 $15 {Schwarz hat einen Bauern mehr. Da Weiß das Läuferpaar besitzt, erhält er positionelle Kompensation, jedoch muss er noch um das Remis kämpfen.} 18. Be3 (18. Bb7 {[%cal Rb7a6,Rb7c8]} Rcd8 $15) 18... Qd6 $146 ({RR} 18... Qd8 19. Bb7 Rb8 20. Rd1 Bd6 21. Qc6 Ng4 22. Bd4 Qg5 23. h3 Nh6 24. Be3 Qh5 25. Kg2 Nf5 26. Ba7 Qxe2 27. Qf3 Rbd8 28. Rac1 Qxf3+ 29. Bxf3 g6 30. Bb7 Be5 31. b3 Kg7 32. f4 Bb2 33. Rb1 {Perez Garcia,J (2022)-Fernandez Borrego,P (2302) Alicante 2011 0-1 (48)}) 19. Rd1 {[%csl Gd1,Ge3,Gf3]} Nd5 20. Bf4 Qb4 21. a3 {Weiß verteidigt sich gut und verjagt die aktive Dame von b4.} (21. Bxd5 exd5 22. Rxd5 Bf6 23. Rb1 (23. Be5 $2 Qe4 $19) 23... Qa4 24. a3 Rfe8 $15) 21... Qa4 22. Bxd5 exd5 23. Rxd5 c5 (23... Bf6 24. Rc5) 24. Bd6 Rfd8 (24... Bxd6 25. Rxd6) 25. Rxc5 Rxc5 26. Bxc5 Rc8 27. Qe3 $1 {[%mdl 256] Auf diese Weise kann Weiß Ausgleich erreichen.} (27. b4 Bxc5 28. bxc5 Qd4 29. e3 Qxc5 (29... Qd5 30. Qc2 Rxc5 31. Rd1 Rxc2 32. Rxd5 $11) 30. Qxc5 Rxc5 31. Rd1 $11) 27... Bxc5 28. Rc1 $11 {[%cal Gc1c8]} g6 29. Rxc5 Qd1+ 30. Kg2 Rxc5 31. Qxc5 Qxe2 32. Qd4 (32. Qc8+ Kg7 33. Qxa6 Qxb2 $11 (33... Qe4+ $11)) 32... h5 1/2-1/2

[Event "Reykjavik op 22nd"]
[Site "Reykjavik"]
[Date "2006.03.08"]
[Round "3"]
[White "Carlsen, Magnus"]
[Black "Galego, Luis"]
[Result "1-0"]
[WhiteElo "2625"]
[BlackElo "2538"]
[PlyCount "65"]
[EventDate "2006.03.06"]
[EventType "swiss"]
[EventRounds "9"]
[EventCountry "ISL"]
[SourceTitle "CBM 111 Extra"]
[Source "ChessBase"]
[SourceDate "2006.05.09"]
[SourceVersion "1"]
[SourceVersionDate "2006.05.09"]
[SourceQuality "1"]

1. d4 Nf6 2. c4 e6 3. Nf3 Bb4+ 4. Bd2 c5 5. Bxb4 cxb4 6. g3 O-O 7. Bg2 Qe7 8. O-O d6 9. Qb3 a5 10. a3 Na6 11. axb4 Nxb4 12. Nc3 e5 $146 ({RR} 12... Bd7 13. Na2 Nxa2 14. Rxa2 Bc6 15. Rfa1 Qc7 16. Nd2 d5 17. Qc3 b6 18. cxd5 exd5 19. b4 axb4 20. Qxb4 Rxa2 21. Rxa2 Bd7 22. h3 Qc1+ 23. Nf1 b5 24. Qb2 Qh6 25. h4 Rb8 26. Ne3 g5 27. hxg5 {Marchand,F (2220)-Berend,F (2400) France 1997 1-0 (57)}) 13. c5 e4 14. cxd6 Qxd6 15. Ng5 Qxd4 16. Rfd1 Qe5 17. Ngxe4 Nxe4 18. Nxe4 Bf5 19. Qc3 Qe7 20. Nd6 Bg6 21. Rd2 Rfb8 22. h4 h6 23. Bf3 h5 24. Rad1 Kh7 25. Qc5 Rc8 26. Qb5 Rc2 27. Bxh5 Rxd2 28. Rxd2 Bxh5 29. Qxh5+ Kg8 30. Nf5 Qf6 31. Rd6 Qxb2 32. Rd7 Qb1+ 33. Kh2 1-0

[Event "Reykjavik op 22nd"]
[Site "Reykjavik"]
[Date "2006.03.09"]
[Round "4"]
[White "Tregubov, Pavel V"]
[Black "Carlsen, Magnus"]
[Result "1/2-1/2"]
[WhiteElo "2556"]
[BlackElo "2625"]
[PlyCount "99"]
[EventDate "2006.03.06"]
[EventType "swiss"]
[EventRounds "9"]
[EventCountry "ISL"]
[SourceTitle "CBM 111 Extra"]
[Source "ChessBase"]
[SourceDate "2006.05.09"]
[SourceVersion "1"]
[SourceVersionDate "2006.05.09"]
[SourceQuality "1"]

1. d4 Nf6 2. c4 c6 3. Nf3 d5 4. e3 Bf5 5. Nc3 e6 6. Nh4 Bg6 7. Nxg6 hxg6 8. g3 Nbd7 9. Bg2 dxc4 10. Qe2 Be7 11. Qxc4 e5 12. O-O Nb6 13. Qe2 exd4 14. Rd1 O-O 15. Rxd4 Qc7 16. e4 Qe5 $146 ({RR} 16... Bc5 17. Rd1 Qe5 18. Bf4 Qe7 19. e5 Rfe8 20. Qc2 Bxf2+ 21. Qxf2 Ng4 22. Qd4 Rad8 23. Qxd8 Rxd8 24. Rxd8+ Qxd8 25. Ne4 Nd5 26. Nd6 Nxf4 27. gxf4 Qh4 28. h3 Ne3 {0-1 (28) Urban,J (2272)-Postler,R (2313) Germany 2004}) ({RR} 16... Bc5 17. Bf4 Qe7 18. Rdd1 Nfd7 19. h4 Ne5 20. Bh3 f6 21. Be3 Rad8 22. Rac1 Bxe3 23. Qxe3 Rxd1+ 24. Rxd1 Rd8 25. Rxd8+ Qxd8 26. Kg2 Qd3 27. Qxd3 Nxd3 28. b3 a5 29. f4 Kf7 30. Kf3 Ke7 31. Ke3 {Lunn,M (2069)-Pedersen,S (1794) Reykjavik 2018 1-0 (49)}) 17. Rd3 Rad8 18. Bf4 Qe6 19. Rad1 Rxd3 20. Rxd3 Re8 21. Kh1 Bb4 22. f3 Nfd7 23. Rd1 Ne5 24. Qc2 Qf6 25. h4 Nec4 26. Bc1 Rd8 27. Bg5 Rxd1+ 28. Nxd1 Qd4 29. b3 Bc5 30. Kh2 f6 31. Bc1 Qg1+ 32. Kh3 Ne5 33. f4 Nf7 34. Qd3 g5 35. hxg5 fxg5 36. fxg5 Ne5 37. Qf1 Qd4 38. Ne3 g6 39. Ng4 Nxg4 40. Kxg4 Nd7 41. Bf4 b5 42. Bf3 Qh8 43. Qh1 Ne5+ 44. Bxe5 Qxe5 45. Qe1 Bd6 46. Kh3 c5 47. Be2 a6 48. a4 Qe6+ 49. Bg4 Qe5 50. Be2 1/2-1/2

[Event "Dos Hermanas Qualifier S17A"]
[Site "ICC INT"]
[Date "2006.03.17"]
[Round "2"]
[White "Carlsen, Magnus"]
[Black "Torres, Javier"]
[Result "1-0"]
[WhiteElo "2625"]
[BlackElo "2278"]
[PlyCount "115"]
[EventDate "2006.03.17"]
[EventType "swiss"]
[EventCountry "NET"]
[SourceTitle "EXT 2023"]
[Source "ChessBase"]
[SourceDate "2022.10.05"]
[SourceVersion "1"]
[SourceVersionDate "2022.10.05"]
[SourceQuality "1"]

1. d4 {ChessBase II} d5 2. c4 c6 3. Nc3 Nf6 4. Nf3 e6 5. e3 Nbd7 6. Ne5 Nxe5 7. dxe5 Nd7 8. f4 b6 $146 ({RR} 8... Be7 9. cxd5 cxd5 10. Bd3 Nc5 11. Bc2 a5 12. O-O g6 13. e4 d4 14. Na4 b6 ({RR} 14... d3) 15. Nxc5 bxc5 16. Bd3 a4 17. f5 Qb6 18. Bh6 exf5 19. exf5 gxf5 20. Qf3 Rb8 21. e6 Bxe6 22. Rae1 Kd8 23. Bxf5 {Tartakower,S-Maroczy,G Nice 1930 EXT 1999 [ChessBase II] 1-0 (43)}) ({RR} 8... Be7 9. Bd3 O-O 10. O-O f6 11. exf6 Bxf6 12. Qe2 Nc5 13. Bc2 a5 14. Bd2 Bd7 15. Rad1 Qb6 16. b3 Rae8 17. Kh1 Bc8 18. e4 d4 19. e5 dxc3 20. exf6 cxd2 21. Qh5 h6 22. fxg7 Rf7 23. Qg6 {Shimanov,A (2566)-Salinas Herrera,P (2464) chess.com INT 2023 1-0}) ({RR} 8... f6 9. exf6 Qxf6 10. cxd5 exd5 11. Be2 Bc5 12. Na4 O-O 13. Nxc5 Nxc5 14. O-O Bf5 15. Bd2 Qg6 16. Bb4 Be4 17. Bf3 Nd3 18. Bxf8 Rxf8 19. Qe2 Re8 20. Rad1 c5 21. f5 Qa6 22. Bxe4 dxe4 23. f6 {Alavkin,A (2368)-Rodrigues,B (2033) chess.com INT 2024 ½-½ (38)}) ({RR} 8... Nb6 9. Qb3 Qe7 10. Bd2 f6 11. exf6 gxf6 12. O-O-O dxc4 13. Bxc4 Nxc4 14. Qxc4 Bd7 15. Ne4 b5 16. Qd3 f5 17. Nf6+ Qxf6 18. Bc3 Qe7 19. Bxh8 O-O-O 20. Be5 Qf7 21. Rd2 c5 22. Rhd1 Be7 {1-0 (22) Nimzowitsch,A-Mieses,J Frankfurt 1930}) 9. cxd5 exd5 10. Bd3 Nc5 11. Bc2 Qh4+ 12. g3 Qh3 13. Qf3 Bg4 14. Qf1 O-O-O 15. Qxh3 Bxh3 16. Bd2 g6 17. O-O-O h5 18. Be1 Bh6 19. Bf2 Rhe8 20. Kb1 Bg2 21. Rhg1 Bf3 22. Rc1 Ne6 23. Rgf1 Bg2 24. Rfd1 Bf3 25. Rd2 c5 26. Ba4 Re7 27. Bd1 Bg2 28. Be1 Bh1 29. Be2 Kb7 30. Bf2 Bg2 31. Rg1 Be4+ 32. Nxe4 dxe4 33. Rxd8 Nxd8 34. Rd1 Nc6 35. Bc4 Kc7 36. a3 Bg7 37. Bd5 Nd8 38. Bxe4 f6 39. Bxg6 fxe5 40. Bxh5 exf4 41. exf4 Nc6 42. Bf3 Nd4 43. Bg4 Nb3 44. Re1 Nd2+ 45. Kc2 Rxe1 46. Bxe1 Nc4 47. Be2 Nxb2 48. Bc3 Bxc3 49. Kxc3 Na4+ 50. Kb3 b5 51. Bxb5 Nb6 52. h4 Kd6 53. h5 Nd5 54. h6 Nf6 55. g4 Kd5 56. g5 Nh7 57. g6 Nf6 58. h7 1-0

[Event "Dos Hermanas Qualifier S18A"]
[Site "ICC INT"]
[Date "2006.03.18"]
[Round "9"]
[White "Agdestein, Simen"]
[Black "Carlsen, Magnus"]
[Result "0-1"]
[WhiteElo "2594"]
[BlackElo "2625"]
[PlyCount "120"]
[EventDate "2006.03.18"]
[EventType "swiss"]
[EventCountry "NET"]
[SourceTitle "EXT 2023"]
[Source "ChessBase"]
[SourceDate "2022.10.05"]
[SourceVersion "1"]
[SourceVersionDate "2022.10.05"]
[SourceQuality "1"]

1. d4 Nf6 2. c4 c6 3. Nc3 d5 4. Nf3 a6 5. c5 Nbd7 6. Bf4 Nh5 7. Bd2 g6 8. e3 Bg7 9. Be2 O-O 10. O-O Re8 11. Ne1 Nhf6 $146 ({RR} 11... e5 12. Bxh5 gxh5 13. Qxh5 exd4 14. exd4 Bxd4 15. Nf3 Bg7 16. Ng5 Re7 17. Qxh7+ Kf8 18. Rae1 Ne5 19. Qh5 Bf5 20. Nh7+ Bxh7 21. Qxh7 Re6 22. Bf4 Qf6 23. Bxe5 Rxe5 24. Rxe5 Qxe5 25. Qd3 Re8 26. g3 {Peregudov,N (2380)-Kirillov,A (2370) Tomsk 2006 1-0 (45)}) 12. f4 b6 13. b4 a5 14. a3 axb4 15. axb4 Rxa1 16. Qxa1 bxc5 17. bxc5 Nxc5 18. dxc5 d4 19. Nd1 Ne4 20. Ba5 d3 21. Bxd8 dxe2 22. Nb2 exf1=Q+ 23. Kxf1 Rxd8 24. Qa5 Re8 25. Nbd3 Be6 26. Ne5 Bxe5 27. fxe5 Bd5 28. Qa7 Kg7 29. Nf3 h6 30. Ke1 Ng5 31. Ke2 Ne6 32. g3 Bxf3+ 33. Kxf3 Rd8 34. Qxe7 Rd5 35. h4 h5 36. Qf6+ Kg8 37. g4 hxg4+ 38. Kxg4 Rxc5 39. Kf3 Rc4 40. Qe7 c5 41. Ke2 Re4 42. Kd3 Rxe5 43. Qd6 Rh5 44. Qe7 Ng7 45. Qd8+ Kh7 46. Qc7 Rd5+ 47. Ke2 Rf5 48. e4 Ne6 49. Qe7 Rf4 50. Ke3 c4 51. Qd7 c3 52. Qc6 Rxh4 53. Kf2 Rh2+ 54. Kg3 Rc2 55. Qd7 Kg7 56. e5 Rd2 57. Qc6 c2 58. Qc3 Rd3+ 59. Qxd3 c1=Q 60. Qf3 Qg5+ 0-1

[Event "Dos Hermanas Qualifier S20A"]
[Site "ICC INT"]
[Date "2006.03.20"]
[Round "9"]
[White "Plaskett, H James"]
[Black "Carlsen, Magnus"]
[Result "0-1"]
[WhiteElo "2485"]
[BlackElo "2625"]
[PlyCount "88"]
[EventDate "2006.03.20"]
[EventType "swiss"]
[EventCountry "NET"]
[SourceTitle "EXT 2023"]
[Source "ChessBase"]
[SourceDate "2022.10.05"]
[SourceVersion "1"]
[SourceVersionDate "2022.10.05"]
[SourceQuality "1"]

1. d4 Nf6 2. Nf3 e6 3. Bg5 h6 4. Bh4 b6 5. e3 Bb7 6. Bd3 Be7 7. c4 ({RR} 7. O-O Ne4 8. Bxe7 Qxe7 9. c4 d6 10. Nfd2 Nxd2 11. Qxd2 Nd7 12. Nc3 O-O 13. b4 e5 14. a4 a5 15. b5 Nf6 16. f4 exd4 17. exd4 d5 18. Rae1 Qb4 19. Rb1 Qd6 20. cxd5 Rfe8 21. Bc4 Nxd5 {Bernadskiy,V (2612)-Petrosyan,M (2634) chess.com INT 2023 0-1 (35)}) ({RR} 7. O-O c5 8. c3 cxd4 9. exd4 O-O 10. Nbd2 d6 11. Rc1 Nbd7 12. Bb1 b5 13. Re1 a5 14. Qb3 Rb8 15. Ne4 a4 16. Qd1 Nxe4 17. Bxe7 Qxe7 18. Bxe4 Bxe4 19. Rxe4 Nf6 20. Re2 Rfc8 21. a3 Qb7 {Voitovich,V (2319)-Masruri,R (2327) chess.com INT 2025 ½-½ (37)}) 7... c5 $146 ({RR} 7... d6 8. Nc3 Nbd7 9. O-O O-O 10. h3 Re8 11. Bg3 Bf8 12. e4 e5 13. d5 a5 14. Bh2 Nc5 15. Bc2 Qd7 16. b3 g6 17. a3 Bg7 18. b4 axb4 19. axb4 Na6 20. Ba4 Qe7 21. Bxe8 Rxe8 22. Qb3 {Bykhovsky,A (2496)-Ser,D (2017) chess.com INT 2024 1-0 (40)}) ({RR} 7... Ne4 8. Bxe7 Qxe7 9. Nfd2 Nxd2 10. Nxd2 Qg5 11. Rg1 O-O 12. Qe2 c5 13. f4 Qe7 14. dxc5 Nc6 15. g4 Nb4 16. Bb1 Qh4+ 17. Rg3 bxc5 18. a3 Na6 19. Bc2 d5 20. Nf3 Qe7 21. g5 g6 22. Ne5 {Terzic,I (2224)-Nestorovic,L (2419) Sarajevo 2011 ½-½ (55)}) 8. Nc3 cxd4 9. Nxd4 a6 10. O-O Nc6 11. Rc1 O-O 12. Bb1 Rc8 13. Qe2 Nxd4 14. exd4 d5 15. cxd5 Nxd5 16. Bg3 Nxc3 17. bxc3 Qd5 18. f3 Rfd8 19. Rfe1 b5 20. Be5 Qd7 21. Qd3 f5 22. a4 bxa4 23. Ba2 Bd5 24. c4 Bb7 25. Rcd1 Bd6 26. Bxd6 Qxd6 27. c5 Qc7 28. Bxe6+ Kh8 29. Bxc8 Qxc8 30. Qc4 Bc6 31. d5 Bb5 32. Qd4 Qc7 33. d6 Qf7 34. Re7 Qg6 35. d7 a3 36. Rde1 Kh7 37. R1e6 Qg5 38. h4 Qg3 39. c6 a2 40. Re1 Bxc6 41. Qd3 Bxd7 42. Rxd7 Qxe1+ 43. Kh2 Qxh4+ 44. Kg1 a1=Q+ 0-1

[Event "Schagen m"]
[Site "Schagen"]
[Date "2006.04.28"]
[Round "1"]
[White "Van Wely, Loek"]
[Black "Carlsen, Magnus"]
[Result "1-0"]
[WhiteElo "2655"]
[BlackElo "2646"]
[PlyCount "81"]
[EventDate "2006.04.28"]
[EventType "match"]
[EventRounds "4"]
[EventCountry "NED"]
[SourceTitle "CBM 111 Extra"]
[Source "ChessBase"]
[SourceDate "2006.05.09"]
[SourceVersion "1"]
[SourceVersionDate "2006.05.09"]
[SourceQuality "1"]

1. d4 Nf6 2. c4 e6 3. Nf3 b6 4. g3 Ba6 5. b3 Bb4+ 6. Bd2 Be7 7. Nc3 O-O 8. Rc1 c6 9. e4 d5 10. e5 Ne4 11. Bd3 Nxd2 12. Qxd2 Nd7 $146 ({RR} 12... Bb7 13. O-O Na6 14. cxd5 cxd5 15. Qb2 Nb4 16. Bb1 Ba6 17. Rfd1 Rc8 18. a3 Nc6 19. b4 Bc4 20. Bd3 Bxd3 21. Rxd3 Qd7 22. Ne2 Rc7 23. Rdc3 Rfc8 24. Qc2 Bd8 25. Qd3 Nb8 26. b5 Rxc3 27. Rxc3 {Eingorn,V (2588)-Komarov,D (2540) France 2007 1-0 (55)}) 13. O-O Bb4 14. cxd5 Bxc3 15. Rxc3 Bxd3 16. Qxd3 cxd5 17. Rfc1 f6 18. Qe2 fxe5 19. dxe5 Nc5 20. Nd4 Qe8 21. f3 a5 22. a3 Qg6 23. b4 axb4 24. axb4 Nd7 25. Rc6 Rae8 26. Rd6 Rf7 27. Kg2 h5 28. h4 Nf8 29. Rxb6 Ra8 30. Qd2 Ra3 31. Rb8 Rd3 32. Qf2 Qh6 33. f4 Qg6 34. f5 Qh6 35. Rc2 Kh7 36. Re8 Rxd4 37. Qxd4 Rxf5 38. Rf2 Ng6 39. Rxf5 exf5 40. Rc8 f4 41. Qd3 1-0

[Event "Schagen m"]
[Site "Schagen"]
[Date "2006.04.30"]
[Round "3"]
[White "Van Wely, Loek"]
[Black "Carlsen, Magnus"]
[Result "1/2-1/2"]
[WhiteElo "2655"]
[BlackElo "2646"]
[PlyCount "173"]
[EventDate "2006.04.28"]
[EventType "match"]
[EventRounds "4"]
[EventCountry "NED"]
[SourceTitle "CBM 111 Extra"]
[Source "ChessBase"]
[SourceDate "2006.05.09"]
[SourceVersion "1"]
[SourceVersionDate "2006.05.09"]
[SourceQuality "1"]

1. d4 Nf6 2. c4 e6 3. Nf3 b6 4. g3 Ba6 5. b3 Bb4+ 6. Bd2 Be7 7. Nc3 c6 8. e4 d5 9. Qc2 dxe4 10. Nxe4 c5 11. Bc3 Bb7 12. Bd3 cxd4 13. Nxd4 Na6 14. Nxf6+ Bxf6 15. Be4 Bxe4 16. Qxe4 O-O 17. Rd1 $146 ({RR} 17. O-O Nc5 18. Qe3 Qd7 19. Rad1 Rfd8 20. Qf3 Qb7 21. Qxb7 Nxb7 22. f4 Nc5 23. Nb5 Be7 24. Rxd8+ Rxd8 25. Nxa7 Ne4 26. Nb5 Bc5+ 27. Kh1 Nf2+ 28. Kg2 Nd1 29. Kh3 Rd3 30. b4 Nxc3 31. bxc5 bxc5 {Mikaelyan,A (2448)-Petrosyan,M (2466) Yerevan 2016 ½-½ (110)}) 17... Nc5 18. Qf3 Qc7 19. O-O Qb7 20. Qxb7 Nxb7 21. Bb4 Rfc8 22. Rd2 a5 23. Ba3 a4 24. Nb5 axb3 25. axb3 Nc5 26. Rb1 Ne4 27. Rd7 h5 28. Bc1 Rd8 29. Rxd8+ Rxd8 30. Be3 Nd2 31. Bxd2 Rxd2 32. h4 Kh7 33. Kf1 Kg6 34. Kg2 Be7 35. Nc3 Kf5 36. Na4 Bf6 37. Nxb6 Bd4 38. Nc8 Kg4 39. Rf1 Bc5 40. b4 Bxb4 41. Nb6 Bc5 42. Na4 Bd4 43. c5 Rc2 44. c6 e5 45. c7 e4 46. Rd1 Rxf2+ 47. Kh1 Kh3 48. c8=Q+ f5 49. Kg1 Rc2+ 50. Rxd4 Rxc8 51. Rd7 Kxg3 52. Rxg7+ Kf3 53. Nb6 Rc1+ 54. Kh2 e3 55. Nd5 f4 56. Rf7 Rc2+ 57. Kh3 Rc4 58. Nxe3 Kxe3 59. Ra7 Rc3 60. Ra2 Ke4+ 61. Kh2 Kf3 62. Kh3 Re3 63. Rb2 Re1 64. Rb3+ Kf2 65. Rb2+ Kf1 66. Rb5 Re3+ 67. Kh2 Re2+ 68. Kh3 Re3+ 69. Kh2 f3 70. Rxh5 f2 71. Rf5 Ke1 72. Kg2 Re2 73. Kg3 f1=Q 74. Rxf1+ Kxf1 75. Kg4 Kf2 76. h5 Ke3 77. Kf5 Rf2+ 78. Kg6 Rg2+ 79. Kf6 Rh2 80. Kg6 Ke4 81. h6 Ke5 82. h7 Ke6 83. Kg7 Ke7 84. h8=Q Rg2+ 85. Kh6 Rh2+ 86. Kg7 Rxh8 87. Kxh8 1/2-1/2